000 00772nam a22002177a 4500
999 _c6015
_d6015
003 AR-CdUCM
008 190313b ||||| |||| 00| 0 spa d
040 _aMUNICIPALIDAD PROVINCIAL DEL CUSCO
_cBIBLIOTECA MUNICIPAL DEL CUSCO
082 _a890.6 /
_bO29
100 _aPrenz, Juan Octavio
_91858
245 _aPoetas contemporáneos de Yugoslavia /
260 _aLima :
_bLibreria Editorial Juan Mejía Baca,
_c1977.
300 _a243 páginas ;
_c17 cm.
500 _aDonación familia Luis Nieto
505 _aContenido: Jure Kastelan -- Slavko Janevski -- Blaze Koneski -- Vesna Parum -- Vasko Popa -- Aco Sopov...
650 _aPoetas yugoslavos
_917587
650 _aBiobibliografía
_97105
650 _aColecciones
_9607
942 _2ddc
_cLIBROS
945 _adavv